000 00340nam a22001217a 4500
082 _a621.38132 PRI'M
100 _aPURCELL, E. M:MONTGOMERY, C. G:DICKE, R. H
_973683
245 _aPRINCIPLES OF MICROWAVE CIRCUITS
260 _aNEWYORK
_bMCGRAW HILL
_c1948
300 _a485P
650 _aMICROWAVE CIRCUITS-PRINCIPLES
_973684
942 _cBK
999 _c579334
_d579334